<?xml version="1.0" encoding="UTF-8"?>
<record
    xmlns:xsi="http://www.w3.org/2001/XMLSchema-instance"
    xsi:schemaLocation="http://www.loc.gov/MARC21/slim http://www.loc.gov/standards/marcxml/schema/MARC21slim.xsd"
    xmlns="http://www.loc.gov/MARC21/slim">

  <leader>03194nam a2200349 a 4500</leader>
  <controlfield tag="001">ebr10630487</controlfield>
  <controlfield tag="003">CaPaEBR</controlfield>
  <controlfield tag="006">m        u        </controlfield>
  <controlfield tag="007">cr cn|||||||||</controlfield>
  <controlfield tag="008">110912s2012    maua    sb    001 0 eng d</controlfield>
  <datafield tag="010" ind1=" " ind2=" ">
    <subfield code="z">  2011038086</subfield>
  </datafield>
  <datafield tag="020" ind1=" " ind2=" ">
    <subfield code="z">9781444332872 (hardback)</subfield>
  </datafield>
  <datafield tag="020" ind1=" " ind2=" ">
    <subfield code="z">9781444332889 (paperback)</subfield>
  </datafield>
  <datafield tag="020" ind1=" " ind2=" ">
    <subfield code="z">9781444355857 (e-book)</subfield>
  </datafield>
  <datafield tag="040" ind1=" " ind2=" ">
    <subfield code="a">CaPaEBR</subfield>
    <subfield code="c">CaPaEBR</subfield>
  </datafield>
  <datafield tag="035" ind1=" " ind2=" ">
    <subfield code="a">(OCoLC)823737283</subfield>
  </datafield>
  <datafield tag="050" ind1="1" ind2="4">
    <subfield code="a">PN1995.5</subfield>
    <subfield code="b">.T395 2012eb</subfield>
  </datafield>
  <datafield tag="082" ind1="0" ind2="4">
    <subfield code="a">175</subfield>
    <subfield code="2">23</subfield>
  </datafield>
  <datafield tag="100" ind1="1" ind2=" ">
    <subfield code="a">Teays, Wanda.</subfield>
  </datafield>
  <datafield tag="245" ind1="1" ind2="0">
    <subfield code="a">Seeing the light</subfield>
    <subfield code="h">[electronic resource] :</subfield>
    <subfield code="b">exploring ethics through movies /</subfield>
    <subfield code="c">Wanda Teays.</subfield>
  </datafield>
  <datafield tag="250" ind1=" " ind2=" ">
    <subfield code="a">1st ed.</subfield>
  </datafield>
  <datafield tag="260" ind1=" " ind2=" ">
    <subfield code="a">Malden, Mass. :</subfield>
    <subfield code="b">Wiley-Blackwell,</subfield>
    <subfield code="c">2012.</subfield>
  </datafield>
  <datafield tag="300" ind1=" " ind2=" ">
    <subfield code="a">xv, 367 p. :</subfield>
    <subfield code="b">ill.</subfield>
  </datafield>
  <datafield tag="504" ind1=" " ind2=" ">
    <subfield code="a">Includes bibliographical references and index.</subfield>
  </datafield>
  <datafield tag="505" ind1="8" ind2=" ">
    <subfield code="a">Machine generated contents note: IntroductionUNIT ONE: THE HUMAN CONDITION 1.0 Introduction 1.1 Authenticity 1.2 Personal Identity 1.3 Autonomy and Liberty 1.4 Courage and Inner Strength UNIT TWO: ETHICAL THEORY 2.0 Introduction  2.1 Ethical Egoism 2.2 Cultural Relativism  2.3 Utilitarianism 2.4 Kantian Ethics  2.5 Rawls' Justice Theory 2.6 Aristotle's Virtue Ethics 2.7 Feminist EthicsUNIT THREE: ETHICAL DILEMMAS 3.0 Introduction  3.1 Confronting the Dilemma 3.2 Encountering Evil 3.3 The Impact of Perspective  3.4 Reflecting on Ethical Decisions 4.0 Conclusion to the Text 4.1 APPS: General References 4.2 APPS: Contemporary Moral Problems ApplicationsOfficial Websites and Other Resources (On Seeing the Light website).</subfield>
  </datafield>
  <datafield tag="520" ind1=" " ind2=" ">
    <subfield code="a">"In a visual culture such as ours, movies represent a compelling and surprisingly effective vehicle for ethical reflection. Through the stories that unfold on the big screen-everything from The Wizard of Oz to the Bourne trilogy-viewers often gain profound insights into the moral dimension of their own lives. Through a close analysis of a variety of popular movies, foreign films, and documentaries, Seeing the Light: Exploring Ethics Through Movies represents an innovative approach to the study of ethics and the development of moral reasoning skills. Initial chapters focus on the human condition as a springboard for ethical reflection, followed by coverage of how seven major ethical theories can provide a framework for analyzing movies for their moral message. Later chapters reveal how movies help us reflect on ethical decision-making. A diverse range of classic and contemporary films are woven throughout the text to illustrate each argument. Filled with illuminating insights and thoughtful reflection, Seeing the Light: reveals an ethical microcosm in the world of film that can help us think more clearly about the choices we face and decisions we make in the real world"--</subfield>
    <subfield code="c">Provided by publisher.</subfield>
  </datafield>
  <datafield tag="533" ind1=" " ind2=" ">
    <subfield code="a">Electronic reproduction.</subfield>
    <subfield code="b">Palo Alto, Calif. :</subfield>
    <subfield code="c">ebrary,</subfield>
    <subfield code="d">2011.</subfield>
    <subfield code="n">Available via World Wide Web.</subfield>
    <subfield code="n">Access may be limited to ebrary affiliated libraries.</subfield>
  </datafield>
  <datafield tag="650" ind1=" " ind2="0">
    <subfield code="a">Ethics in motion pictures.</subfield>
  </datafield>
  <datafield tag="655" ind1=" " ind2="7">
    <subfield code="a">Electronic books.</subfield>
    <subfield code="2">local</subfield>
  </datafield>
  <datafield tag="710" ind1="2" ind2=" ">
    <subfield code="a">ebrary, Inc.</subfield>
  </datafield>
  <datafield tag="856" ind1="4" ind2="0">
    <subfield code="u">http://site.ebrary.com/lib/rucke/Doc?id=10630487</subfield>
    <subfield code="z">An electronic book accessible through the World Wide Web; click to view</subfield>
  </datafield>
  <datafield tag="999" ind1=" " ind2=" ">
    <subfield code="c">52757</subfield>
    <subfield code="d">52757</subfield>
  </datafield>
</record>
